| 000 | 00531nam a2200157 i 4500 | ||
|---|---|---|---|
| 001 | 46982 | ||
| 003 | ES-MaACL | ||
| 007 | t| | ||
| 008 | 030402s1955 sp ||||1| spa d | ||
| 100 | 1 |
_aConte Lacave, Augusto. _940272 |
|
| 245 | 1 | 0 |
_aEn los días de Trafalgar / _cAugusto Conte Lacave ; prólogo de Miguel Martínez del Cerro. |
| 260 |
_a[Cádiz : _bDiputación Provincial], _c1955 ( _fEscelicer) |
||
| 300 |
_aXI, 280, 17 lám. ; _c25 cm. |
||
| 700 | 1 |
_aMartínez del Cerro, Miguel. _978044 |
|
| 852 |
_aES-MaACL _jC-9861 _bR.37603 |
||
| 999 |
_c46982 _d46982 |
||